Statistics for Great Actor Filmographies

Click here to take the quiz!

General Stats

  • This quiz has been taken 107 times
  • The average score is 13 of 15

Answer Stats

ActorFilmography% Correct
Tom HanksHe Knows You're Alone / Splash / Bachelor Party / The Man with One Red Shoe / Volunteers / The Money Pit / Nothing in Common / Every Time We Say Goodbye / Dragnet / Big / Punchline / The Burbs / Turner & Hooch / Joe Versus the Volcano / The Bonfire of the Vanities / Radio Flyer / A League of Their Own / Sleepless in Seattle / Philadelphia / Forrest Gump / Apollo 13 / Toy Story / That Thing You Do / Saving Private Ryan / You've Got Mail / Toy Story 2 / The Green Mile / Cast Away / My Big Fat Greek Wedding / Road to Perdition / Catch Me If You Can / The Ladykillers / Connie and Carla / The Terminal / Elvis Has Left the Building / The Polar Express / Magnificent Desolation / The Da Vinci Code / Cars / The Ant Bully / Starter for 10 / Evan Almighty / Charlie Wilson's War / The Simpsons Movie / Mamma Mia / City of Ember / The Great Buck Howard / My Life in Ruins / Angels & Demons / Where the Wild Things Are / Beyond All Boundaries / Toy Story 3 / Hawaiian Vacation / Larry Crowne / Small Fry / Extremely Loud & Incredibly Close / Cloud Atlas / Partysaurus Rex / Parkland / Captain Phillips / Saving Mr. Banks / Bridge of Spies / Ithaca / My Big Fat Greek Wedding 2 / A Hologram for the King / Sully / Inferno / California / Typewriter / The Circle / Mark Felt / The Post / Mamma Mia /Here We Go Again / Toy Story / A Beautiful Day in the Neighborhood / Greyhound / BIOS
99%
Al PacinoMe Natalie / The Panic in Needle Park / The Godfather / Serpico / Scarecrow / The Godfather Part II / Dog Day Afternoon / Bobby Deerfield / And Justice for All / Cruising / Author Author / Scarface / Revolution / Sea of Love / The Local Stigmatic / Dick Tracy / The Godfather Part III / Frankie and Johnny / Glengarry Glen Ross / Scent of a Woman / Carlito's Way / Two Bits / Heat / City Hall / Looking for Richard / Donnie Brasco / The Devil's Advocate / The Insider / Any Given Sunday / Chinese Coffee / Insomnia / Simone / People I Know / The Recruit / Gigli / Angels in America / The Merchant of Venice / Two for the Money / 88 Minutes / Ocean's Thirteen / Righteous Kill / You Don't Know Jack / The Son of No One / Wilde Salomé / Jack and Jill / Stand Up Guys / Phil Spector / Manglehorn / The Humbling / Danny Collins / Misconduct / The Pirates of Somalia / Hangman / Paterno /Once Upon a Time in Hollywood / The Irishman
98%
Morgan FreemanBrubaker / Marie / That Was Then This Is Now / Street Smart / Glory / Driving Miss Daisy / Lean on Me / Johnny Handsome / Robin Hood Prince of Thieves / Unforgiven / The Shawshank Redemption / Outbreak / Seven / Chain Reaction / Moll Flanders / Amistad / Kiss the Girls / Deep Impact / Nurse Betty / Along Came a Spider / The Sum of All Fears / High Crimes / Bruce Almighty / Million Dollar Baby / Unleashed / An Unfinished Life / Batman Begins / Lucky Number Slevin / 10 Items or Less / Evan Almighty / Gone Baby Gone / The Bucket List / Feast of Love / Wanted / The Dark Knight / Invictus / RED / Dolphin Tale / The Dark Knight Rises / The Magic of Belle Isle / Olympus Has Fallen / Oblivion / Now You See Me / Last Vegas / The Lego Movie / Transcendence / Lucy / Dolphin Tale / 5 Flights Up / Momentum / Ted / London Has Fallen / Now You See Me / Going In Style / Just Getting Started / The Nutcracker and the Four Realms / Angel Has Fallen
97%
Robert DeNiroEncounter / Three Rooms in Manhattan / Les Jeunes Loups / Greetings / Sam's Song / The Wedding Party / Bloody Mama / Hi Mom / Jennifer on My Mind / Born to Win / The Gang That Couldn't Shoot Straight / Bang the Drum Slowly / Mean Streets / The Godfather Part II / Taxi Driver / 1900 / The Last Tycoon / New York New York / The Deer Hunter / The Swap / Raging Bull / True Confessions / The King of Comedy / Once Upon a Time in America / Falling in Love / Brazil / The Mission / Angel Heart / The Untouchables / Midnight Run / Jacknife / We're No Angels / Stanley & Iris / Goodfellas / Awakenings / Guilty by Suspicion / Backdraft / Cape Fear / Mistress / Night and the City / Mad Dog and Glory / This Boy's Life / A Bronx Tale / Mary Shelley's Frankenstein / Casino / Heat / One Hundred and One Nights / The Fan / Sleepers / Marvin's Room / Cop Land / Jackie Brown / Wag the Dog / Great Expectations / Ronin / Analyze This / Flawless / The Adventures of Rocky and Bullwinkle / Men of Honor / Meet the Parents / 15 Minutes / The Score / Showtime / City by the Sea / Analyze That / Godsend / Shark Tale / Meet the Fockers / The Bridge of San Luis Rey / Hide and Seek / The Good Shepherd / Arthur and the Invisibles / Stardust / Righteous Kill / What Just Happened / Everybody's Fine / Machete / Stone / Little Fockers / The Ages of Love / Killer Elite / Limitless / New Year's Eve / Being Flynn / Red Lights / Freelancers / Silver Linings Playbook / The Big Wedding / Killing Season / The Family / Last Vegas / American Hustle / Grudge Match / The Bag Man / The Intern / The Audition / Ellis / Heist / Joy / Dirty Grandpa / Hands of Stone / The Comedian / Joker / The Irishman / The Comeback Trail / The War with Grandpa
97%
Jack NicholsonThe Cry Baby Killer / Too Soon to Love / The Wild Ride / The Little Shop of Horrors / Studs Lonigan / The Broken Land / The Raven / The Terror / Thunder Island / Flight to Fury / Back Door to Hell / Ensign Pulver / The Shooting / The St. Valentine's Day Massacre / Hells Angels on Wheels / The Trip / Psych-Out / Head / Easy Rider / On a Clear Day You Can See Forever / The Rebel Rousers / Five Easy Pieces / Carnal Knowledge / A Safe Place / Drive, He Said / The King of Marvin Gardens / The Last Detail / Chinatown / The Passenger / The Fortune / One Flew Over the Cuckoo's Nest / Tommy / The Missouri Breaks / The Last Tycoon / Going South / The Shining / The Postman Always Rings Twice / Reds / The Border / Terms of Endearment / Prizzi's Honor / Heartburn / The Witches of Eastwick / Broadcast News / Ironweed / Batman / The Two Jakes / Man Trouble / A Few Good Men / Hoffa / Wolf / The Crossing Guard / Blood and Wine / The Evening Star / Mars Attacks / As Good as It Gets / The Pledge / About Schmidt / Anger Management / Something's Gotta Give / The Departed / The Bucket List / I'm Still Here / How Do You Know
96%
Marlon BrandoThe Men / A Streetcar Named Desire / Viva Zapata / Julius Caesar / The Wild One / On the Waterfront / Désirée / Guys and Dolls / The Teahouse of the August Moon / Sayonara / The Young Lions / The Fugitive Kind / One-Eyed Jacks / Mutiny on the Bounty / The Ugly American / Bedtime Story / Morituri / The Chase / The Appaloosa / A Countess from Hong Kong / Reflections in a Golden Eye / Candy / The Night of the Following Day / Burn / The Nightcomers / The Godfather / Last Tango in Paris / The Missouri Breaks / Superman / Apocalypse Now / The Formula / A Dry White Season / The Freshman / Christopher Columbus / Don Juan DeMarco / The Island of Dr. Moreau / The Brave / Free Money / The Score
96%
Anthony HopkinsYou Will Meet a Tall Dark Stranger / Hamlet / Thor / All the King's Men / Amistad / Misconduct / Hearts in Atlantis / Where I Stand / Hitchcock / How the Grinch Stole Christmas / The Bounty / The World's Fastest Indian / Beowulf / Audrey Rose / The Dawning / The Girl from Petrovka / The Human Stain / Hannibal / Juggernaut / A Change of Seasons / Young Winston / A Bridge Too Far / Magic Chaplin / Shadowlands / Immutable Dream of Snow Lion / A Doll's House / Nixon / Alexander / The Good Father / The Rite / A Chorus of Disapproval / Desperate Hours / Transformers / The Mask of Zorro / Meet Joe Black / Spotswood / The White Bus / The Edge / Thor / Titus / The Silence of the Lambs / Instinct / Mission / The Innocent / Proof / Blunt the Fourth Man / Bad Company / The Wolfman / Howards End / The Remains of the Day / Surviving Picasso / The City of Your Final Destination / Dylan Thomas / Slipstream / Fracture / Freejack / The Looking Glass War / Bram Stoker's Dracula / Dracula / The Father / 360 / The Two Popes / When Eight Bells Toll / Collide / Bobby / Legends of the Fall / Red / The Elephant Man / 84 Charing Cross Road / The Trial / Noah / Kidnapping Freddy Heineken / Blackway / International Velvet / Dragon / Siegfried & Roy / The Third Rule / The Lion in Winter / Shortcut to Happiness / Thor / The Road to Wellville / Solace
95%
Dustin HoffmanThe Tiger Makes Out / The Graduate / Madigan's Millions / Midnight Cowboy / John and Mary / Little Big Man / Who Is Harry Kellerman and Why Is He Saying Those Terrible Things About Me / Straw Dogs / Alfredo, Alfredo / Papillon / Lenny / All the President's Men / Marathon Man / Straight Time / Agatha / Kramer vs. Kramer / Tootsie / Ishtar / Rain Man / Common Threads / Family Business / Dick Tracy / Billy Bathgate / Hook / Hero / Outbreak / Sleepers / American Buffalo / Mad City / Wag the Dog / Sphere / The Messenger / Moonlight Mile / Confidence / Runaway Jury / Finding Neverland / I Heart Huckabees / Meet the Fockers / Lemony Snicket / Racing Stripes / The Lost City / Perfume / Stranger than Fiction / The Holiday / Mr. Magorium / Kung Fu Panda / Secrets of the Furious Five / Last Chance Harvey / The Tale of Despereaux / Barney's Version / Jews and Baseball / Little Fockers / Kung Fu Panda / Quartet / Chef / Boychoir / The Cobbler / The Program / The Meyerowitz Stories / L'uomo del labirinto
94%
Daniel Day-LewisSunday Bloody Sunday / Gandhi / The Bounty / My Beautiful Laundrette / A Room with a View / Nanou / The Unbearable Lightness of Being / Stars and Bars / My Left Foot / Eversmile New Jersey / The Last of the Mohicans / The Age of Innocence / In the Name of the Father / The Crucible / The Boxer / Gangs of New York / The Ballad of Jack and Rose / There Will Be Blood / Nine / Lincoln / Phantom Thread
93%
Denzel WashingtonCarbon Copy / A Soldier's Story / Power / Cry Freedom / For Queen and Country / The Mighty Quinn / Glory / Heart Condition / Mo' Better Blues / Mississippi Masala / Ricochet / Malcolm X / Much Ado About Nothing / The Pelican Brief / Philadelphia / Crimson Tide / Virtuosity / Devil in a Blue Dress / Courage Under Fire / The Preacher's Wife / Fallen / He Got Game / The Siege / The Bone Collector / The Hurricane / Remember the Titans / Training Day / John Q. / Antwone Fisher / Out of Time / Man on Fire / The Manchurian Candidate / Inside Man / Déjà Vu / American Gangster / The Great Debaters / The Taking of Pelham 123 / The Book of Eli / Unstoppable / Safe House / Flight / 2 Guns / The Equalizer / The Magnificent Seven / Fences / Roman J Israel / The Equalizer / A Journal for Jordan / Little Things / Ma Rainey's Black Bottom / Macbeth
87%
Sean PennTaps / Fast Times at Ridgemont High / Bad Boys / Risky Business / Summerspell / Crackers / Racing with the Moon / The Falcon and the Snowman / At Close Range / Shanghai Surprise / Colors / Judgment in Berlin / Casualties of War / We're No Angels / State of Grace / Cool Blue / The Beaver Trilogy / Cruise Control / Carlito's Way / Dead Man Walking / Loved / She's So Lovely / U Turn / The Game / Hugo Pool / Hurlyburly / The Thin Red Line / Being John Malkovich / Sweet and Lowdown / Up at the Villa / Before Night Falls / The Weight of Water / The Beaver Trilogy / I Am Sam / Pauly Shore Is Dead / It's All About Love / Mystic River / 21 Grams / The Assassination of Richard Nixon / The Interpreter / All the King's Men / Persepolis / What Just Happened / Tropic Thunder / Milk / Fair Game / The Tree of Life / This Must Be the Place / Americans / Gangster Squad / The Secret Life of Walter Mitty / The Gunman / The Angry Birds Movie / Sound of Sun / The Professor and the Madman / Flag Day
86%
Paul NewmanThe Silver Chalice / Somebody Up There Likes Me / The Rack / The Helen Morgan Story / Until They Sail / The Long, Hot Summer / The Left Handed Gun / Cat on a Hot Tin Roof / Rally Around the Flag / The Young Philadelphians / From the Terrace / Exodus / The Hustler / Paris Blues / Sweet Bird of Youth / Hemingway / Hud / A New Kind of Love / The Prize / What a Way to Go / The Outrage / Lady L Harper / Torn Curtain / Hombre / Cool Hand Luke / The Secret War of Harry Frigg / Winning / Butch Cassidy / WUSA / King / Sometimes a Great Notion / Once Upon a Wheel / Pocket Money / The Life and Times of Judge Roy Bean / The Mackintosh Man / The Sting / The Towering Inferno / The Drowning Pool / Silent Movie / Buffalo Bill / Slap Shot / Quintet / When Time Ran Out / Fort Apache The Bronx / Absence of Malice / Come Along with Me / The Verdict / Harry & Son / The Color of Money / Fat Man and Little Boy / Blaze / Mr. and Mrs. Bridge / La Classe américaine / The Hudsucker Proxy / Nobody's Fool / Rugrats / Twilight / Message in a Bottle / Where the Money Is / The Simpsons / Road to Perdition / Our Town / Empire Falls / Magnificent Desolation / Mater and the Ghostlight / Dale / The Meerkats / Cars
77%
James StewartThe Murder Man / Next Time We Love / Rose Marie / Wife vs. Secretary / Small Town Girl / Speed / The Gorgeous Hussy / Born to Dance / After the Thin Man / Seventh Heaven / The Last Gangster / Navy Blue and Gold / Of Human Hearts / Vivacious Lady / The Shopworn Angel / You Can't Take It with You / Made for Each Other / The Ice Follies of 1939 / It's a Wonderful World / Mr. Smith Goes to Washington / Destry Rides Again / The Shop Around the Corner / The Mortal Storm / No Time for Comedy / The Philadelphia Story / Come Live with Me / Pot o' Gold / Ziegfeld Girl / It's a Wonderful Life / Magic Town / Call Northside 777 / On Our Merry Way / Rope / You Gotta Stay Happy / The Stratton Story / Malaya / Winchester '73 / Broken Arrow / Harvey / The Jackpot / No Highway in the Sky / The Greatest Show on Earth / Bend of the River / Carbine Williams / The Naked Spur / Thunder Bay / The Glenn Miller Story / The Far Country / Rear Window / The Man from Laramie / Strategic Air Command / The Man Who Knew Too Much / The Spirit of St. Louis / Night Passage / Vertigo / Bell Book and Candle / Anatomy of a Murder / The FBI Story / The Mountain Road / Two Rode Together / The Man Who Shot Liberty Valance / Mr Hobbs Takes a Vacation / How the West Was Won / Take Her She's Mine / Cheyenne Autumn / Dear Brigitte / Shenandoah / The Flight of the Phoenix / The Rare Breed / Firecreek / Bandolero / The Cheyenne Social Club /Fools Parade / The Shootist / Airport '77 / The Big Sleep / The Magic of Lassie / The Green Horizon / An American Tail
69%
Sidney PoitierSepia Cinderella / From Whence Cometh My Help / No Way Out / Cry the Beloved Country / Red Ball Express / Go Man Go / Blackboard Jungle / Good-bye My Lady / Edge of the City / Something of Value / Band of Angels / The Mark of the Hawk / Virgin Island / The Defiant Ones / Porgy and Bess / All the Young Men / A Raisin in the Sun / Paris Blues / Pressure Point / The Long Ships / Lilies of the Field / The Bedford Incident / The Greatest Story Ever Told / A Patch of Blue / The Slender Thread / Duel at Diablo / To Sir with Love / In the Heat of the Night / Guess Who's Coming to Dinner / For Love of Ivy / The Lost Man / King / They Call Me Mister Tibbs / Brother John / The Organization / Buck and the Preacher / A Warm December / Uptown Saturday Night / The Wilby Conspiracy / Let's Do it Again / A Piece of the Action / Paul Robeson / Shoot to Kill Little / Nikita / Sneakers / A Century of Cinema / Wild Bill / To Sir with Love / The Jackal / Ralph Bunche / Tell Them Who You Are / Mr. Warmth
67%
Spencer TracyThe Strong Arm / Taxi Talks / The Hard Guy / Up the River / Quick Millions / Six Cylinder Love / Goldie / She Wanted a Millionaire / Sky Devils / Disorderly Conduct / Young America / Society Girl / The Painted Woman / Me and My Gal / 20,000 Years in Sing Sing / Face in the Sky / Shanghai Madness / The Power and the Glory / The Mad Game / Man's Castle / The Show-Off / Looking for Trouble / Bottoms Up / Now I'll Tell / Marie Galante / It's a Small World / The Murder Man / Dante's Inferno / Whipsaw / Riffraff / Fury / San Francisco / Libeled Lady / They Gave Him a Gun / Captains Courageous / Big City / Mannequin / Test Pilot / Boys Town / Stanley and Livingstone / For Auld Lang Syne / I Take This Woman / Young Tom Edison / Northwest Passage / Edison, the Man / Boom Town / Northward, Ho / Men of Boys Town / Dr. Jekyll and Mr. Hyde / Woman of the Year / Tortilla Flat / Keeper of the Flame / Ring of Steel / A Guy Named Joe / The Seventh Cross / Thirty Seconds Over Tokyo / Without Love / The Sea of Grass / Cass Timberlane / State of the Union / Edward My Son / Adam's Rib / Malaya / Father of the Bride / Father's Little Dividend / The People Against O'Hara / Pat and Mike / Plymouth Adventure / The Actress / Broken Lance / Bad Day at Black Rock / The Mountain / Desk Set / The Old Man and the Sea / The Last Hurrah / Inherit the Wind / The Devil at 4 O'Clock / Judgment at Nuremberg / How the West Was Won / It's a Mad Mad Mad Mad World / Guess Who's Coming to Dinner
49%

Score Distribution

Percentile by Number Answered

Percent of People with Each Score

Your Score History

You have not taken this quiz